Handbook of research on corrosion sciences and engineering /

Guardado en:
Detalles Bibliográficos
Autores principales: Kacimi, Younes El (Autor), Guo, Lei (Autor)
Formato: Libro
Lenguaje:inglés
Publicado: USA: IGI Global 2023
Materias:
Etiquetas: Agregar Etiqueta
Sin Etiquetas, Sea el primero en etiquetar este registro!

MARC

LEADER 00000nam a22000003a 4500
001 0116660
003 SK-STU
005 20250807092414.3
007 ta
008 250807s ----xo-----e------000-0-----d
020 |a 978-1-6684-7689-5 
040 |a STU  |b slo 
041 0 |a eng 
044 |a xxu 
100 1 |a Kacimi, Younes El  |4 aut 
245 1 0 |a Handbook of research on corrosion sciences and engineering /  |c aut. Younes El Kacimi, Lei Guo 
260 |a USA:  |b IGI Global  |c 2023 
300 |a 673 s. 
650 0 7 |a umelá inteligencia vo výskume 
650 0 7 |a inhibítor korózie 
650 0 7 |a nanokompozitné nátery 
650 0 7 |a korózne správanie 
700 1 |a Guo, Lei  |4 aut 
996 |b 284M089705  |c M* 14869-1  |l MMKN  |s A  |a 24  |w 0116660_0001 
996 |c M* DigP-440  |l MMKN  |s A  |a 24  |w 0116660_0002